The Times history of the war / (Record no. 115668)

MARC details
000 -LEADER
campo de control de longitud fija 00892nam a2200205 i 4500
001 - NÚMERO DE CONTROL
campo de control 115668
003 - IDENTIFICADOR DE NÚMERO DE CONTROL
campo de control ES-MaACL
005 - FECHA Y HORA DE LA ÚLTIMA TRANSACCIÓN
campo de control 20230906190528.0
007 - CAMPO FIJO DE DESCRIPCIÓN FÍSICA--INFORMACIÓN GENERAL
campo de control de longitud fija t|
008 - DATOS DE LONGITUD FIJA--INFORMACIÓN GENERAL
campo de control de longitud fija 070425m19141920xxk ||||1| eng d
245 04 - MENCIÓN DEL TÍTULO
Título The Times history of the war /
Mención de responsabilidad, etc. [The Times].
260 ## - PUBLICACIÓN, DISTRIBUCIÓN, ETC.
Lugar de publicación, distribución, etc. London :
Nombre del editor, distribuidor, etc. The Times,
Fecha de publicación, distribución, etc. [1914]-1921.
300 ## - DESCRIPCIÓN FÍSICA
Extensión 21 v. :
Otras características físicas il. ;
Dimensiones 29 cm.
500 ## - NOTA GENERAL
Nota general 21 volúmenes que se publicaron en entregas semanales entre el 25 de agosto de 1914 y el 27 de julio de 1920. Después en 1921 se publicó un volumen 22 de índices generales de la obra.
500 ## - NOTA GENERAL
Nota general Las entregas 1-63 llevan por título: The Times history of the war. Las entregas 64-273: The Times history and encyclopaedia of the war.
650 14 - PUNTO DE ACCESO ADICIONAL DE MATERIA--TÉRMINO DE MATERIA
Término de materia o nombre geográfico como elemento de entrada Guerra mundial, 1914-1918.
9 (RLIN) 13212
730 4# - ASIENTO SECUNDARIO--TITULO UNIFORME
Título uniforme The Times.
9 (RLIN) 135422
740 4# - ENTRADA AGREGADA--TÍTULO RELACIONADO/ANALÍTICO NO CONTROLADO
Título relacionado o analítico no controlado The Times history and encyclopaedia of the war.
852 ## - LOCALIZACIÓN
Ubicación ES-MaACL
Número de control de estantería C-1598-618
Holdings
Estatus retirado Estado de pérdida Estado de daño No para préstamo Biblioteca de origen Biblioteca actual Ubicación en estantería Fecha de adquisición Fuente de adquisición Total de préstamos Signatura topográfica completa Código de barras Visto por última vez Precio de reemplazo Tipo de ítem Koha
        Biblioteca del Ateneo de Madrid Biblioteca del Ateneo de Madrid Sala Palomar 17/01/2008     C-1598-618 1120623 23/02/2023 23/02/2023 Libro impreso